Thi nhân Việt Nam
Kaydedildi:
| Yazar: | |
|---|---|
| Diğer Yazarlar: | |
| Materyal Türü: | Kitap |
| Baskı/Yayın Bilgisi: |
H.
Văn học
1992
|
| Konular: | |
| Etiketler: |
Etiketle
Etiket eklenmemiş, İlk siz ekleyin!
|
| Thư viện lưu trữ: | Trung tâm Học liệu Lê Vũ Hùng, Trường Đại học Đồng Tháp |
|---|
| LEADER | 00649pam a22002178a 4500 | ||
|---|---|---|---|
| 001 | 00039312 | ||
| 005 | 20171110101116.0 | ||
| 008 | 170518s1992 ||||||Viesd | ||
| 041 | 0 | # | |a Vie |
| 082 | 1 | 4 | |a 895.922 132 |b TH300NH |
| 100 | 1 | # | |a Hoài, Thanh |
| 245 | 1 | 0 | |a Thi nhân Việt Nam |c Hoài Thanh, Hoài Nhân |
| 260 | # | # | |a H. |b Văn học |c 1992 |
| 300 | # | # | |a 380 tr. |c 21 cm |
| 653 | # | # | |a Thi nhân |
| 653 | # | # | |a Việt Nam |
| 700 | 1 | # | |a Hoài Nhân |
| 852 | # | # | |b Kho đọc |j KD.1002469 |
| 852 | # | # | |j KD.0021197 |j KM.0022304 |
| 910 | |d 18/05/2017 | ||
| 980 | # | # | |a Trung tâm Học liệu Lê Vũ Hùng, Trường Đại học Đồng Tháp |